<?xml version="1.0" encoding="UTF-8"?>
<marc:record xmlns:marc="http://www.loc.gov/MARC21/slim">
   <marc:leader>00000nam a2200000 a 4500</marc:leader>
   <marc:datafield ind1="1" ind2=" " tag="100">
      <marc:subfield code="a">Turjman, Jad</marc:subfield>
      <marc:subfield code="4">aut</marc:subfield>
      <marc:subfield code="e">Verfasser/-in</marc:subfield>
   </marc:datafield>
   <marc:datafield ind1=" " ind2=" " tag="653">
      <marc:subfield code="a">Erlebnisbericht</marc:subfield>
   </marc:datafield>
   <marc:datafield ind1=" " ind2=" " tag="653">
      <marc:subfield code="a">Flucht / Erlebnisbericht</marc:subfield>
   </marc:datafield>
   <marc:datafield ind1=" " ind2=" " tag="653">
      <marc:subfield code="a">Integration</marc:subfield>
   </marc:datafield>
   <marc:datafield ind1="0" ind2="0" tag="245">
      <marc:subfield code="a">Wenn der Jasmin auswandert</marc:subfield>
   </marc:datafield>
   <marc:datafield ind1="0" ind2="0" tag="245">
      <marc:subfield code="b">die Geschichte meiner Flucht</marc:subfield>
   </marc:datafield>
   <marc:datafield ind1="0" ind2="0" tag="245">
      <marc:subfield code="c">Turjman, Jad</marc:subfield>
   </marc:datafield>
   <marc:datafield ind1=" " ind2="1" tag="264">
      <marc:subfield code="a">Salzburg</marc:subfield>
      <marc:subfield code="b">Residenz Verlag</marc:subfield>
   </marc:datafield>
   <marc:datafield ind1="1" ind2=" " tag="520">
      <marc:subfield code="a">Vom Verlust einer Heimat und dem Finden einer neuen: Wie viele Syrer flieht Jad Turjman 2014 vor der Einberufung in Assads Armee nach Europa, um dem sicheren Tod zu entrinnen. Sein Weg ist gefahrvoll und mühsam, und es wird noch Jahre dauern, bis er die Traumata von Flucht und Folter verarbeiten kann. In Österreich angekommen, findet er ein neues Zuhause, endlich kann er den Jasmin, nach dem er sich seit seiner Flucht aus Damaskus sehnt, neu pflanzen. Doch er reflektiert auch ironisch über die Unterschiede und Gemeinsamkeiten der Kulturen, über die Fettnäpfchen, in die er getreten ist, und über die Rassismen, mit denen er konfrontiert ist.&#xD;
Jad Turjman erzählt die Geschichte seiner Flucht aus Syrien und seines Ankommens in Österreich: berührend, humorvoll und mit entwaffnender Ehrlichkeit</marc:subfield>
   </marc:datafield>
   <marc:datafield ind1=" " ind2=" " tag="020">
      <marc:subfield code="a">9783701735952</marc:subfield>
      <marc:subfield code="9">9783701735952</marc:subfield>
   </marc:datafield>
   <marc:datafield ind1=" " ind2=" " tag="020">
      <marc:subfield code="a">3701735956</marc:subfield>
      <marc:subfield code="9">3701735956</marc:subfield>
   </marc:datafield>
   <marc:datafield ind1=" " ind2=" " tag="041">
      <marc:subfield code="a">ger</marc:subfield>
   </marc:datafield>
   <marc:datafield ind1=" " ind2=" " tag="338">
      <marc:subfield code="a">Band</marc:subfield>
   </marc:datafield>
   <marc:datafield ind1=" " ind2=" " tag="300">
      <marc:subfield code="a">505 Seiten</marc:subfield>
   </marc:datafield>
</marc:record>
